Developing a target range for the supply of new homes across England (Record no. 107610)

MARC details
000 -LEADER
fixed length control field 01311cam a22002175a 4500
001 - CONTROL NUMBER
control field L141124
008 - FIXED-LENGTH DATA ELEMENTS--GENERAL INFORMATION
fixed length control field 071029e20071026xxkd f 000 0 eng d
035 ## - SYSTEM CONTROL NUMBER
System control number (Sirsi) u141124
041 0# - LANGUAGE CODE
Language code of text/sound track or separate title eng
050 04 - LIBRARY OF CONGRESS CALL NUMBER
Classification number 333.33 $2 18
110 2# - MAIN ENTRY--CORPORATE NAME
Corporate name or jurisdiction name as entry element National Housing and Planning Advice Unit
9 (RLIN) 5426
245 00 - TITLE STATEMENT
Title Developing a target range for the supply of new homes across England
Medium [electronic resource]
260 ## - PUBLICATION, DISTRIBUTION, ETC.
Place of publication, distribution, etc. Fareham
Name of publisher, distributor, etc. NHPAU
Date of publication, distribution, etc. 2007
520 ## - SUMMARY, ETC.
Summary, etc. Presents the National Housing and Planning Advice Unit's (NHPAU) response to the Housing Green Paper 2007. Discusses government's target of providing an additional 240,000 homes per year by 2016; considers the case for a higher target; and concludes by suggesting that the government target should be seen as a minimum requirement. The housing supply scenarios set out in the report will form the basis of discussion between NHPAU and regional partners that will take place over the next few months, to further refine the work carried out so far.
590 ## - LOCAL NOTE (RLIN)
Local note KA NTK
650 24 - SUBJECT ADDED ENTRY--TOPICAL TERM
Topical term or geographic name entry element HOUSING GREEN PAPER 2007
651 #4 - SUBJECT ADDED ENTRY--GEOGRAPHIC NAME
Geographic name England
Chronological subdivision 886-
690 ## - LOCAL SUBJECT ADDED ENTRY--TOPICAL TERM (OCLC, RLIN)
Topical term or geographic name as entry element PROPERTY-RESIDENTIAL PROPERTY-RESIDENTIAL PROPERTY MARKET
856 40 - ELECTRONIC LOCATION AND ACCESS
Uniform Resource Identifier <a href="https://www.communities.gov.uk/publications/housing/supplynewhomes">https://www.communities.gov.uk/publications/housing/supplynewhomes</a>
Public note View the item free of charge at www.communities.gov.uk...
942 ## - ADDED ENTRY ELEMENTS (KOHA)
Suppress in OPAC 0
Holdings
Withdrawn status Lost status Source of classification or shelving scheme Damaged status Not for loan Home library Current library Shelving location Date acquired Total Checkouts Full call number Barcode Date last seen Copy number Price effective from Koha item type
    Dewey Decimal Classification     Virtual Virtual Online 29/10/2007   ONLINE PUBLICATION 141124-2001 06/08/2019 1 06/08/2019 Book